Royal commission on the police 1962, final report (Record no. 1444235)

MARC details
000 -LEADER
fixed length control field 00528nam a2200193Ia 4500
005 - DATE AND TIME OF LATEST TRANSACTION
control field 20250923144845.0
008 - FIXED-LENGTH DATA ELEMENTS--GENERAL INFORMATION
fixed length control field 008 250917s9999 xx 000 0 eng d
037 ## - SOURCE OF ACQUISITION
Stock number Reports
040 ## - CATALOGING SOURCE
Original cataloging agency DSWL
Language of cataloging eng
Transcribing agency DSWL
041 ## - LANGUAGE CODE
Language code of text/sound track or separate title eng
Source of code eng
084 ## - COLON CLASSIFICATION NUMBER
Classification number Y:4:61.3'N60t, N62
Assigning agency DSWL
245 #0 - TITLE STATEMENT
Title Royal commission on the police 1962, final report
260 ## - PUBLICATION, DISTRIBUTION, ETC.
Place of publication, distribution, etc. London
Name of publisher, distributor, etc. HMSO
Date of publication, distribution, etc. 1962
300 ## - PHYSICAL DESCRIPTION
Extent 196p.
365 ## - TRADE PRICE
Price type code INR
Price amount 12.6
925 ## -
-- 12.6
942 ## - ADDED ENTRY ELEMENTS (KOHA)
Koha item type Reports
Classification part Y:4:61.3'N60t, N62
Holdings
Withdrawn status Lost status Damaged status Not for loan Home library Current library Date acquired Total Checkouts Full call number Barcode Date last seen Price effective from Koha item type
        Department of Social Work Library Department of Social Work Library 2025-09-23   Y:4:61.3'N60t, N62 SW0008907 2025-09-23 2025-09-23 Reports
Copyright @ Delhi University Library System